000 00399 a2200109 4500
001 ART_23528
005 20260410161931.0
008 260409a
245 1 0 _aLa economía de la investigación y el desarrollo
100 1 _aSjaastad, Larry A.
773 0 _tRevista de la Facultad de Ciencias Económicas de la Universidad de Cuyo
_g- Año XXI, Nº 61/63 (ene./dic. 1969)
_wREV22981
999 _c28609
_d28609